000 00941cam a2200229 4500
001 WB3803-13
008 020122n2002 000 0 eng u
035 _a(Sirsi) u116395
245 _aCommonhold bill 'discriminates against leaseholders'
260 _c2002
490 _aSolicitors' Journal
_v146(2) 18 January 2002, 27(1)
520 _aLeasehold Enfranchisement Association is angered by second reading of Commonhold and Leasehold Reform Bill. The bill which makes enfranchisement easier for both leaseholders of flats and houses has been attacked as it will only be applicable to new properties and properties where all the leaseholders vote for commonhold.
590 _aWB
650 _aCOMMONHOLD BILL
650 _aLEASEHOLD ENFRANCHISEMENT ASSOCIATION
650 _aLEASEHOLDERS
650 _aCOMMONHOLD
650 _aHOUSEHOLDERS
650 _aPROPERTY OWNERS
690 _aLANDLORD AND TENANT-LEASES
942 _n0
999 _c69323
_d69323